[Event "Gibtelecom AmatWk2 8th"]
[Site "Gibraltar"]
[Date "2010.01.31"]
[Round "1.12"]
[White "O'Connell, Denis"]
[Black "Cramling Bellon, Anna Yolanda"]
[Result "1-0"]
[WhiteElo "1599"]
[BlackElo "1000"]
[PlyCount "63"]
[EventDate "2010.01.31"]
[EventType "swiss"]
[EventRounds "5"]
[EventCountry "GGB"]
[SourceTitle "BritBase"]
[Source "www.saund.co.uk"]
[SourceDate "2018.02.10"]
[SourceVersion "1"]
[SourceVersionDate "2018.02.10"]
[SourceQuality "1"]

1. e4 e5 2. d4 exd4 3. c3 dxc3 4. Bc4 Nf6 5. e5 Ne4 6. Qd5 Ng5 7. f4 Ne6 8. f5
c6 9. Qe4 Bb4 10. bxc3 Bc5 11. fxe6 dxe6 12. Nf3 O-O 13. Bd3 g6 14. h4 f5 15.
exf6 Rxf6 16. Bg5 Nd7 17. Nbd2 Qe7 18. Nb3 Bb6 19. h5 Qg7 20. Nbd4 Nc5 21. Bxf6
Nxe4 22. Bxg7 Kxg7 23. Bxe4 Ba5 24. Kd2 c5 25. Nb3 Bb6 26. hxg6 hxg6 27. Ne5
Kf6 28. Nc4 Bc7 29. Raf1+ Ke7 30. Rh7+ Ke8 31. Bxg6+ Kd8 32. Rf8# 1-0

[Event "Gibtelecom AmatWk2 8th"]
[Site "Gibraltar"]
[Date "2010.01.31"]
[Round "1.13"]
[White "Knight Gonzalez, Carlos"]
[Black "Manetto, Luis"]
[Result "0-1"]
[WhiteElo "1000"]
[BlackElo "1590"]
[PlyCount "76"]
[EventDate "2010.01.31"]
[EventType "swiss"]
[EventRounds "5"]
[EventCountry "GGB"]
[SourceTitle "BritBase"]
[Source "www.saund.co.uk"]
[SourceDate "2018.02.10"]
[SourceVersion "1"]
[SourceVersionDate "2018.02.10"]
[SourceQuality "1"]

1. c4 Nf6 2. Nc3 e6 3. g3 Be7 4. Bg2 d5 5. d3 O-O 6. Bf4 Nbd7 7. Nf3 c6 8. O-O
b6 9. a3 Bb7 10. b4 Rc8 11. Rb1 Re8 12. a4 dxc4 13. dxc4 c5 14. b5 Ne4 15. Qd3
Nxc3 16. Qxc3 Bf6 17. Be5 Nxe5 18. Nxe5 Bxg2 19. Kxg2 Qd6 20. f4 Rcd8 21. Qe3
Bxe5 22. fxe5 Qd4 23. Qxd4 Rxd4 24. Rf4 Red8 25. Rbf1 R8d7 26. R1f3 Kf8 27. e3
Rxf4 28. exf4 Rd4 29. f5 exf5 30. Rxf5 Rxc4 31. e6 f6 32. Rf4 Rxf4 33. gxf4 Ke7
34. Kf3 Kxe6 35. Ke4 g6 36. h4 h5 37. Ke3 Kf5 38. Kf3 c4 0-1

[Event "Gibtelecom AmatWk2 8th"]
[Site "Gibraltar"]
[Date "2010.01.31"]
[Round "1.14"]
[White "Brooks, Harry"]
[Black "Ocana, Jeremy"]
[Result "1-0"]
[WhiteElo "1552"]
[BlackElo "1000"]
[PlyCount "27"]
[EventDate "2010.01.31"]
[EventType "swiss"]
[EventRounds "5"]
[EventCountry "GGB"]
[SourceTitle "BritBase"]
[Source "www.saund.co.uk"]
[SourceDate "2018.02.10"]
[SourceVersion "1"]
[SourceVersionDate "2018.02.10"]
[SourceQuality "1"]

1. d4 d5 2. Nf3 c6 3. Bf4 e6 4. e3 Nf6 5. h3 Qb6 6. b3 Ne4 7. c3 Bd6 8. Bxd6
Nxd6 9. Nbd2 O-O 10. Bd3 Qa5 11. Bxh7+ Kxh7 12. Ng5+ Kg8 13. Qh5 f6 14. Qh7#
1-0

[Event "Gibtelecom AmatWk2 8th"]
[Site "Gibraltar"]
[Date "2010.01.31"]
[Round "1.15"]
[White "Naldrett, Geoffrey William"]
[Black "Mena Berenguer, Francisco"]
[Result "1/2-1/2"]
[WhiteElo "1696"]
[BlackElo "1000"]
[PlyCount "83"]
[EventDate "2010.01.31"]
[EventType "swiss"]
[EventRounds "5"]
[EventCountry "GGB"]
[SourceTitle "BritBase"]
[Source "www.saund.co.uk"]
[SourceDate "2018.02.10"]
[SourceVersion "1"]
[SourceVersionDate "2018.02.10"]
[SourceQuality "1"]

1. e4 e5 2. Nf3 d6 3. d4 exd4 4. Nxd4 Be7 5. Bc4 Nf6 6. Nc3 O-O 7. O-O c6 8.
Bf4 b5 9. Bd3 b4 10. Nce2 c5 11. Nb3 a5 12. c4 a4 13. Nd2 a3 14. b3 Nbd7 15.
Nf3 Nh5 16. Be3 Bb7 17. Nf4 Nhf6 18. Nd5 Nxd5 19. exd5 Bf6 20. Rc1 Bc8 21. Bb1
g6 22. Bh6 Bg7 23. Bxg7 Kxg7 24. Re1 Nf6 25. Qd2 Bg4 26. Qf4 Bxf3 27. Qxf3 Qd7
28. Re2 h5 29. Rce1 Rae8 30. h3 Rxe2 31. Rxe2 Re8 32. Kf1 Rxe2 33. Qxe2 Qe8 34.
Bd3 Qxe2+ 35. Kxe2 {(=)} Nh7 36. f4 Kf6 37. g4 hxg4 38. hxg4 Kg7 39. Kf3 f6 40.
Kg3 g5 41. Bxh7 Kxh7 42. f5 1/2-1/2

[Event "Gibtelecom AmatWk2 8th"]
[Site "Gibraltar"]
[Date "2010.01.31"]
[Round "1.16"]
[White "Oliva Parra, Ernesto"]
[Black "Jones, Sidney A"]
[Result "1/2-1/2"]
[WhiteElo "1000"]
[BlackElo "1472"]
[PlyCount "100"]
[EventDate "2010.01.31"]
[EventType "swiss"]
[EventRounds "5"]
[EventCountry "GGB"]
[SourceTitle "BritBase"]
[Source "www.saund.co.uk"]
[SourceDate "2018.02.10"]
[SourceVersion "1"]
[SourceVersionDate "2018.02.10"]
[SourceQuality "1"]

1. e4 e5 2. Nf3 Nc6 3. Bc4 Bc5 4. d3 Nf6 5. Ng5 d5 6. exd5 Nxd5 7. Qf3 Be6 8.
Nxe6 fxe6 9. Qh5+ g6 10. Qg4 Qf6 11. O-O O-O-O 12. Bg5 Qf5 13. Qxf5 gxf5 14.
Bxd8 Kxd8 15. Bxd5 exd5 16. c3 Ne7 17. Nd2 Bb6 18. a4 a6 19. Nf3 Ng6 20. Ng5
Ke7 21. Rfe1 h6 22. Nf3 Kf6 23. d4 Re8 24. dxe5+ Nxe5 25. Nxe5 Rxe5 26. Rxe5
Kxe5 27. Re1+ Kf6 28. Re8 Bc5 29. Rh8 Kg7 30. Rd8 Bd6 31. Rb8 b6 32. Re8 Kf6
33. Re3 Be5 34. Rd3 c6 35. h3 Kg6 36. Rf3 c5 37. Rd3 d4 38. cxd4 Bxd4 39. Rb3
c4 40. Rxb6+ Bxb6 41. Kf1 a5 42. Ke2 Bd4 43. Kd2 Bxb2 44. f3 c3+ 45. Kc2 Kg5
46. g3 f4 47. h4+ Kf5 48. g4+ Kf6 49. Kd3 Kg6 50. Kc2 Kf6 1/2-1/2

[Event "Gibtelecom AmatWk2 8th"]
[Site "Gibraltar"]
[Date "2010.01.31"]
[Round "1.17"]
[White "Raffo Sanchez, Luis"]
[Black "Salomon, Johan"]
[Result "0-1"]
[WhiteElo "1000"]
[BlackElo "1771"]
[PlyCount "54"]
[EventDate "2010.01.31"]
[EventType "swiss"]
[EventRounds "5"]
[EventCountry "GGB"]
[SourceTitle "BritBase"]
[Source "www.saund.co.uk"]
[SourceDate "2018.02.10"]
[SourceVersion "1"]
[SourceVersionDate "2018.02.10"]
[SourceQuality "1"]

1. c4 Nf6 2. d4 g6 3. Nc3 d5 4. e3 Bg7 5. Bd3 O-O 6. c5 c6 7. Nge2 Nbd7 8. f4
b6 9. b4 a5 10. Qa4 Bb7 11. Ng3 Qc7 12. O-O axb4 13. Qxb4 bxc5 14. dxc5 Rfb8
15. Qb2 Nxc5 16. Qe2 Nxd3 17. Rd1 Ba6 18. Rxd3 Ne4 19. Bd2 Nc5 20. Qf3 Bxd3 21.
Rc1 Rb2 22. Be1 Qd6 23. e4 dxe4 24. Ncxe4 Nxe4 25. Rd1 Qc5+ 26. Kh1 Nxg3+ 27.
Bxg3 Be2 0-1

[Event "Gibtelecom AmatWk2 8th"]
[Site "Gibraltar"]
[Date "2010.02.01"]
[Round "2.1"]
[White "Manetto, Luis"]
[Black "Edwards, Stephen A"]
[Result "0-1"]
[WhiteElo "1590"]
[BlackElo "1784"]
[PlyCount "62"]
[EventDate "2010.01.31"]
[EventType "swiss"]
[EventRounds "5"]
[EventCountry "GGB"]
[SourceTitle "BritBase"]
[Source "www.saund.co.uk"]
[SourceDate "2018.02.10"]
[SourceVersion "1"]
[SourceVersionDate "2018.02.10"]
[SourceQuality "1"]

1. e4 d6 2. d4 Nf6 3. Nc3 c6 4. Nf3 Bg4 5. h3 Bxf3 6. Qxf3 e6 7. Bg5 Be7 8. Bc4
d5 9. exd5 cxd5 10. Bb5+ Nc6 11. O-O O-O 12. Rad1 Qb6 13. Bxc6 Qxc6 14. Rfe1
Rfe8 15. Qg3 b5 16. b4 Rac8 17. Rd3 a6 18. a3 Qc7 19. Bf4 Qb6 20. Be5 Qd8 21.
Rde3 Bf8 22. R1e2 Rxc3 23. Bxf6 Rxe3 24. Rxe3 Qxf6 25. c3 Rc8 26. Rf3 Qe7 27.
h4 Qc7 28. Qh3 Qc4 29. h5 Bd6 30. Qg4 Qe2 31. h6 Qe1# 0-1

[Event "Gibtelecom AmatWk2 8th"]
[Site "Gibraltar"]
[Date "2010.02.01"]
[Round "2.2"]
[White "Salomon, Johan"]
[Black "Brooks, Harry"]
[Result "1-0"]
[WhiteElo "1771"]
[BlackElo "1552"]
[PlyCount "59"]
[EventDate "2010.01.31"]
[EventType "swiss"]
[EventRounds "5"]
[EventCountry "GGB"]
[SourceTitle "BritBase"]
[Source "www.saund.co.uk"]
[SourceDate "2018.02.10"]
[SourceVersion "1"]
[SourceVersionDate "2018.02.10"]
[SourceQuality "1"]

1. e4 e6 2. d4 d5 3. Nd2 Nf6 4. e5 Nfd7 5. Bd3 c5 6. c3 Nc6 7. Ne2 cxd4 8. cxd4
Be7 9. O-O f6 10. Nf4 Nf8 11. Qh5+ Kd7 12. Qf7 fxe5 13. Qxg7 Ng6 14. Nxg6 hxg6
15. Bb5 Rg8 16. Qxe5 Bd6 17. Qe3 Kc7 18. Bxc6 bxc6 19. Nf3 Bd7 20. Bd2 Qf6 21.
Ba5+ Kc8 22. b4 Bf4 23. Qc3 Rb8 24. a4 Bc7 25. Bxc7 Kxc7 26. b5 Kd8 27. bxc6
Rc8 28. Qa5+ Ke7 29. cxd7 Rc7 30. Qxc7 1-0

[Event "Gibtelecom AmatWk2 8th"]
[Site "Gibraltar"]
[Date "2010.02.01"]
[Round "2.3"]
[White "Albrecht, Franz"]
[Black "Gallardo Ribot, Laura"]
[Result "1/2-1/2"]
[WhiteElo "1546"]
[BlackElo "1698"]
[PlyCount "45"]
[EventDate "2010.01.31"]
[EventType "swiss"]
[EventRounds "5"]
[EventCountry "GGB"]
[SourceTitle "BritBase"]
[Source "www.saund.co.uk"]
[SourceDate "2018.02.10"]
[SourceVersion "1"]
[SourceVersionDate "2018.02.10"]
[SourceQuality "1"]

1. d4 f5 2. c4 Nf6 3. Nc3 e6 4. Nf3 Nc6 5. e3 b6 6. Be2 Bb7 7. O-O Bd6 8. h3
O-O 9. Nh2 Bxh2+ 10. Kxh2 Ne7 11. Bf3 Ne4 12. Nxe4 fxe4 13. Bg4 Ng6 14. f3 Qg5
15. f4 Qh6 16. Bd2 Nh4 17. Be1 Nf5 18. Bxf5 Rxf5 19. g4 Rf7 20. g5 Qg6 21. Rg1
d6 22. Bc3 Ba6 23. b3 1/2-1/2

[Event "Gibtelecom AmatWk2 8th"]
[Site "Gibraltar"]
[Date "2010.02.01"]
[Round "2.4"]
[White "Garcia, Mario"]
[Black "Candano Gonzalez, Alvaro"]
[Result "0-1"]
[WhiteElo "1663"]
[BlackElo "1540"]
[PlyCount "74"]
[EventDate "2010.01.31"]
[EventType "swiss"]
[EventRounds "5"]
[EventCountry "GGB"]
[SourceTitle "BritBase"]
[Source "www.saund.co.uk"]
[SourceDate "2018.02.10"]
[SourceVersion "1"]
[SourceVersionDate "2018.02.10"]
[SourceQuality "1"]

1. d4 g6 2. Nf3 Bg7 3. c4 d5 4. Nc3 Nf6 5. Bg5 c6 6. e3 Bg4 7. Be2 O-O 8. O-O
Bxf3 9. Bxf3 dxc4 10. e4 Qa5 11. Be3 Na6 12. a3 Rfd8 13. Qc2 b5 14. Na2 e6 15.
Qc3 Qc7 16. Nb4 Nc5 17. e5 Na4 18. Qc2 Nd5 19. Nxd5 cxd5 20. Bd2 a5 21. Bc3 Bf8
22. Bd1 Nb6 23. Qd2 Nd7 24. Bc2 Rdb8 25. Qe3 b4 26. axb4 axb4 27. Bd2 b3 28.
Rxa8 Rxa8 29. Bb1 Ra1 30. Rc1 Qb7 31. h4 Nb6 32. h5 Na4 33. hxg6 fxg6 34. Qh3
Qf7 35. Bc3 Nxc3 36. Qxc3 Bh6 37. Bxg6 Rxc1+ 0-1

[Event "Gibtelecom AmatWk2 8th"]
[Site "Gibraltar"]
[Date "2010.02.01"]
[Round "2.5"]
[White "Huba, Mark"]
[Black "Poggio, Freddie"]
[Result "1-0"]
[WhiteElo "1496"]
[BlackElo "1640"]
[PlyCount "69"]
[EventDate "2010.01.31"]
[EventType "swiss"]
[EventRounds "5"]
[EventCountry "GGB"]
[SourceTitle "BritBase"]
[Source "www.saund.co.uk"]
[SourceDate "2018.02.10"]
[SourceVersion "1"]
[SourceVersionDate "2018.02.10"]
[SourceQuality "1"]

1. Nf3 Nf6 2. g3 d5 3. d3 Nc6 4. Nbd2 Bg4 5. Bg2 e6 6. O-O Be7 7. e4 Qd6 8. c3
Ne5 9. Qc2 Nxf3+ 10. Nxf3 Nd7 11. exd5 exd5 12. Bf4 Qb6 13. Rfe1 Be6 14. d4
O-O-O 15. a4 Bd6 16. a5 Qc6 17. Ne5 Nxe5 18. dxe5 Be7 19. Rec1 Qd7 20. Be3 Kb8
21. f4 Bf5 22. Qf2 a6 23. Rd1 Qb5 24. b4 Qc4 25. Ba7+ Kc8 26. Bd4 Be4 27. Bf1
Qc6 28. b5 axb5 29. Qb2 Bc5 30. Bxb5 Bxd4+ 31. cxd4 Qg6 32. a6 b6 33. Rdc1 Bd3
34. Bc6 Qe4 35. a7 1-0

[Event "Gibtelecom AmatWk2 8th"]
[Site "Gibraltar"]
[Date "2010.02.01"]
[Round "2.6"]
[White "Erdelyi, Adam"]
[Black "O'Connell, Denis"]
[Result "1/2-1/2"]
[WhiteElo "1000"]
[BlackElo "1599"]
[PlyCount "71"]
[EventDate "2010.01.31"]
[EventType "swiss"]
[EventRounds "5"]
[EventCountry "GGB"]
[SourceTitle "BritBase"]
[Source "www.saund.co.uk"]
[SourceDate "2018.02.10"]
[SourceVersion "1"]
[SourceVersionDate "2018.02.10"]
[SourceQuality "1"]

1. Nf3 Nf6 2. c4 d6 3. Nc3 e5 4. d3 c6 5. g3 Be7 6. Bg2 Nbd7 7. O-O O-O 8. Rb1
Re8 9. b4 Qc7 10. a4 Bf8 11. b5 d5 12. Bg5 Bc5 13. Bxf6 Nxf6 14. Nd2 Be6 15. h3
Rad8 16. Qc2 Qc8 17. Kh2 Bb6 18. Nb3 dxc4 19. dxc4 Bxc4 20. Nd2 cxb5 21. Nxc4
bxc4 22. Ne4 Nxe4 23. Bxe4 g6 24. g4 Re7 25. e3 Red7 26. Rfd1 Qc7 27. Rxd7 Rxd7
28. Rc1 Kg7 29. Qxc4 Qxc4 30. Rxc4 Rd2 31. Kg3 Rd7 32. Rb4 Kf6 33. Rb5 Rc7 34.
a5 Rc5 35. Rxc5 Bxc5 36. Bxb7 1/2-1/2

[Event "Gibtelecom AmatWk2 8th"]
[Site "Gibraltar"]
[Date "2010.02.01"]
[Round "2.7"]
[White "Jones, Sidney A"]
[Black "Hannan, Peter"]
[Result "0-1"]
[WhiteElo "1472"]
[BlackElo "1752"]
[PlyCount "84"]
[EventDate "2010.01.31"]
[EventType "swiss"]
[EventRounds "5"]
[EventCountry "GGB"]
[SourceTitle "BritBase"]
[Source "www.saund.co.uk"]
[SourceDate "2018.02.10"]
[SourceVersion "1"]
[SourceVersionDate "2018.02.10"]
[SourceQuality "1"]

1. e4 e6 2. d4 d5 3. Nc3 Bb4 4. e5 Bxc3+ 5. bxc3 Ne7 6. Nf3 c5 7. Be2 Nbc6 8.
O-O O-O 9. Re1 Bd7 10. Bb2 f6 11. Bb5 Nxe5 12. Bxd7 Nxf3+ 13. Qxf3 Qxd7 14. Qe3
cxd4 15. cxd4 Nf5 16. Qxe6+ Qxe6 17. Rxe6 Rfe8 18. Rae1 Rxe6 19. Rxe6 Kf7 20.
Re2 Rc8 21. g4 Ne7 22. c3 Rc6 23. f4 Nc8 24. Re3 Nd6 25. Rh3 h6 26. Ba3 Nc4 27.
Bc1 Rb6 28. Rf3 Rb1 29. Rf1 Ra1 30. g5 f5 31. gxh6 gxh6 32. a3 Nxa3 33. Bxa3
Rxa3 34. Rf3 Ra1+ 35. Kg2 Ra2+ 36. Kh3 Re2 37. Kg3 b5 38. Rf2 Rxf2 39. Kxf2 a5
40. Ke2 a4 41. Kd2 Kg6 42. Kc2 Kh5 0-1

[Event "Gibtelecom AmatWk2 8th"]
[Site "Gibraltar"]
[Date "2010.02.01"]
[Round "2.8"]
[White "Coats, Jon R"]
[Black "Oliva Parra, Ernesto"]
[Result "1-0"]
[WhiteElo "1696"]
[BlackElo "1000"]
[PlyCount "113"]
[EventDate "2010.01.31"]
[EventType "swiss"]
[EventRounds "5"]
[EventCountry "GGB"]
[SourceTitle "BritBase"]
[Source "www.saund.co.uk"]
[SourceDate "2018.02.10"]
[SourceVersion "1"]
[SourceVersionDate "2018.02.10"]
[SourceQuality "1"]

1. Nf3 e6 2. c4 Bc5 3. a3 Nf6 4. d4 Bd6 5. Nc3 h6 6. e4 c6 7. e5 Be7 8. exf6
Bxf6 9. Ne4 d6 10. Nxf6+ Qxf6 11. Be2 O-O 12. O-O Nd7 13. b4 b6 14. Rb1 Qe7 15.
Re1 Nf6 16. Bf1 Bb7 17. g3 Rad8 18. Bg2 c5 19. bxc5 dxc5 20. d5 Ba6 21. Qa4 Bc8
22. Bb2 Ng4 23. Ne5 Bd7 24. Qxa7 Nxe5 25. Rxe5 Qd6 26. dxe6 Bxe6 27. Bd5 Rd7
28. Qa4 Re7 29. Qc6 Rd8 30. Qxd6 Rxd6 31. Rbe1 Kf8 32. Bc1 Ke8 33. Bf4 g5 34.
Bc1 Kd8 35. f4 Rdd7 36. fxg5 Bxd5 37. Rxe7 Rxe7 38. Rxe7 Kxe7 39. cxd5 hxg5 40.
Bxg5+ Kd6 41. h4 c4 42. h5 c3 43. h6 c2 44. h7 f6 45. Bf4+ Kxd5 46. h8=Q Kc4
47. Qxf6 Kd3 48. Bc1 Kc4 49. Qc6+ Kd3 50. g4 Ke2 51. Qxc2+ Kf3 52. g5 Kg4 53.
g6 Kf3 54. Qd3+ Kg4 55. g7 b5 56. g8=Q+ Kh4 57. Qdh7# 1-0

[Event "Gibtelecom AmatWk2 8th"]
[Site "Gibraltar"]
[Date "2010.02.01"]
[Round "2.9"]
[White "Cox, Marian"]
[Black "Naldrett, Geoffrey William"]
[Result "1/2-1/2"]
[WhiteElo "1384"]
[BlackElo "1696"]
[PlyCount "80"]
[EventDate "2010.01.31"]
[EventType "swiss"]
[EventRounds "5"]
[EventCountry "GGB"]
[SourceTitle "BritBase"]
[Source "www.saund.co.uk"]
[SourceDate "2018.02.10"]
[SourceVersion "1"]
[SourceVersionDate "2018.02.10"]
[SourceQuality "1"]

1. e4 e5 2. Nf3 Nc6 3. Nc3 Nf6 4. Bc4 Bc5 5. O-O O-O 6. d3 h6 7. h3 d6 8. Re1
Re8 9. Be3 Bb6 10. a3 Nd4 11. Bxd4 exd4 12. Na4 c5 13. b4 Bd7 14. Nxb6 Qxb6 15.
Rb1 Qc7 16. Qd2 a6 17. Ba2 b5 18. Bd5 Nxd5 19. exd5 Qb7 20. Rxe8+ Rxe8 21. Re1
Qxd5 22. Rxe8+ Bxe8 23. bxc5 dxc5 24. Qa5 Qd6 25. Nd2 f5 26. f3 Qe6 27. Nb3 Qd6
28. Kf2 Bf7 29. g3 Bxb3 30. cxb3 Qe6 31. f4 Kh7 32. b4 c4 33. dxc4 bxc4 34. Qe5
Qd7 35. Ke2 d3+ 36. Kd2 Kg8 37. a4 Qxa4 38. Qe6+ Kh8 39. Qc8+ Kh7 40. Qxf5+ Kh8
1/2-1/2

[Event "Gibtelecom AmatWk2 8th"]
[Site "Gibraltar"]
[Date "2010.02.01"]
[Round "2.10"]
[White "Mena Berenguer, Francisco"]
[Black "McGladdery, David G"]
[Result "0-1"]
[WhiteElo "1000"]
[BlackElo "1664"]
[PlyCount "108"]
[EventDate "2010.01.31"]
[EventType "swiss"]
[EventRounds "5"]
[EventCountry "GGB"]
[SourceTitle "BritBase"]
[Source "www.saund.co.uk"]
[SourceDate "2018.02.10"]
[SourceVersion "1"]
[SourceVersionDate "2018.02.10"]
[SourceQuality "1"]

1. e4 c6 2. Nf3 d5 3. Bd3 dxe4 4. Bxe4 Nf6 5. Nc3 e6 6. O-O Bd6 7. g3 O-O 8. b3
Bb4 9. Bd3 Nbd7 10. Ne4 Nxe4 11. Bxe4 Nf6 12. Qe2 Qe7 13. c3 Ba5 14. b4 Bc7 15.
a4 Rb8 16. Ba3 Qd7 17. d4 Rd8 18. Bc1 Nxe4 19. Qxe4 Qd5 20. Qxd5 cxd5 21. a5 a6
22. h4 Bd7 23. Kg2 Bc6 24. Re1 Re8 25. Ne5 Bxe5 26. Rxe5 Rbc8 27. Rg5 f5 28. h5
Bb5 29. Bd2 h6 30. Rg6 Kh7 31. Re1 Bd7 32. Re5 Rc6 33. g4 fxg4 34. Rxg4 Rf8 35.
Re3 e5 36. Rgg3 e4 37. f3 Rcf6 38. Be1 Rxf3 39. Rexf3 Rxf3 40. Rxf3 exf3+ 41.
Kxf3 Be8 42. Kg4 g6 43. hxg6+ Kxg6 44. Kh4 h5 45. Bg3 Kf5 46. Be1 Ke4 47. Kg5
Kd3 48. Kf5 Ke2 49. Bh4 Kd2 50. Ke5 Kxc3 51. Be1+ Kc4 52. Bd2 h4 53. Bg5 h3 54.
Bf4 Bc6 0-1

[Event "Gibtelecom AmatWk2 8th"]
[Site "Gibraltar"]
[Date "2010.02.01"]
[Round "2.11"]
[White "Carlsen, Ingrid Oen"]
[Black "Foran, Barry"]
[Result "1/2-1/2"]
[WhiteElo "1508"]
[BlackElo "1416"]
[PlyCount "85"]
[EventDate "2010.01.31"]
[EventType "swiss"]
[EventRounds "5"]
[EventCountry "GGB"]
[SourceTitle "BritBase"]
[Source "www.saund.co.uk"]
[SourceDate "2018.02.10"]
[SourceVersion "1"]
[SourceVersionDate "2018.02.10"]
[SourceQuality "1"]

1. e4 c6 2. d4 d5 3. Nc3 dxe4 4. Nxe4 Bf5 5. Ng3 Bg6 6. Nf3 Nd7 7. h4 h6 8. h5
Bh7 9. Bd3 Bxd3 10. Qxd3 Ngf6 11. Bd2 Qc7 12. Ne4 e6 13. Nxf6+ gxf6 14. O-O-O
O-O-O 15. Kb1 Kb8 16. g3 Ka8 17. Bf4 Bd6 18. Bxd6 Qxd6 19. Nd2 f5 20. Nc4 Qd5
21. Ne5 Nxe5 22. dxe5 Qxd3 23. Rxd3 Rxd3 24. cxd3 Rd8 25. Kc2 Rd5 26. f4 Kb8
27. Rg1 Rd4 28. Kd2 c5 29. Rc1 Rd8 30. Ke3 b6 31. Rc4 Kb7 32. a3 Rg8 33. Kf3
Rd8 34. Ke3 a5 35. d4 cxd4+ 36. Rxd4 Rd5 37. Rxd5 exd5 38. Kd4 Kc6 39. b3 b5
40. b4 a4 41. Kd3 Kb6 42. Kc3 Kc7 43. Kd4 1/2-1/2

[Event "Gibtelecom AmatWk2 8th"]
[Site "Gibraltar"]
[Date "2010.02.01"]
[Round "2.12"]
[White "Haddock, Paul"]
[Black "Cox, Reginald"]
[Result "1-0"]
[WhiteElo "1793"]
[BlackElo "1352"]
[PlyCount "99"]
[EventDate "2010.01.31"]
[EventType "swiss"]
[EventRounds "5"]
[EventCountry "GGB"]
[SourceTitle "BritBase"]
[Source "www.saund.co.uk"]
[SourceDate "2018.02.10"]
[SourceVersion "1"]
[SourceVersionDate "2018.02.10"]
[SourceQuality "1"]

1. e4 c5 2. Nc3 d6 3. f4 Nc6 4. Nf3 g6 5. Bb5 Bd7 6. d4 cxd4 7. Nxd4 Bg7 8. Be3
a6 9. Bxc6 Bxc6 10. Nxc6 bxc6 11. Bd4 Nf6 12. O-O O-O 13. Qe2 c5 14. Bxf6 Bxf6
15. e5 dxe5 16. fxe5 Qd4+ 17. Kh1 Qxe5 18. Qxe5 Bxe5 19. Na4 Bd6 20. Rad1 Rab8
21. c4 f5 22. Rd2 Rfd8 23. Rfd1 Bc7 24. Nxc5 a5 25. Ne6 Rxd2 26. Rxd2 Bb6 27.
c5 Rc8 28. g3 Bxc5 29. Rc2 Rc6 30. Nxc5 Kf7 31. Kg2 e6 32. Rc3 Ke7 33. Kf3 g5
34. Nb7 g4+ 35. Ke3 Rb6 36. Rc7+ Kf6 37. b3 a4 38. bxa4 Rb2 39. Rxh7 Rxa2 40.
a5 Ke5 41. Kd3 Ra3+ 42. Kc4 Ra1 43. Kb5 Rb1+ 44. Ka6 Rb2 45. Ka7 Ra2 46. a6 Kd5
47. Nd8 Rc2 48. Kb8 Rb2+ 49. Nb7 Kc6 50. a7 1-0

[Event "Gibtelecom AmatWk2 8th"]
[Site "Gibraltar"]
[Date "2010.02.01"]
[Round "2.13"]
[White "Kuenitz, Klaus"]
[Black "Jacobsen, Caroline Beer"]
[Result "1-0"]
[WhiteElo "1755"]
[BlackElo "1300"]
[PlyCount "77"]
[EventDate "2010.01.31"]
[EventType "swiss"]
[EventRounds "5"]
[EventCountry "GGB"]
[SourceTitle "BritBase"]
[Source "www.saund.co.uk"]
[SourceDate "2018.02.10"]
[SourceVersion "1"]
[SourceVersionDate "2018.02.10"]
[SourceQuality "1"]

1. d4 Nf6 2. c4 e6 3. Nf3 Bb4+ 4. Bd2 Qe7 5. g3 O-O 6. Bg2 Re8 7. O-O Bxd2 8.
Qxd2 d6 9. Nc3 Nbd7 10. Nb5 Nb6 11. Rac1 c6 12. Na3 Nbd7 13. Rfe1 e5 14. e4
exd4 15. Nxd4 Nc5 16. f3 a5 17. Nac2 Be6 18. Ne3 Qd7 19. Nef5 Bxf5 20. Nxf5 Re6
21. Bh3 Qc7 22. Qg5 g6 23. Nh6+ Kg7 24. Bxe6 fxe6 25. Rcd1 Rb8 26. Ng4 Rf8 27.
Qh6+ Kg8 28. Nxf6+ Rxf6 29. Qe3 e5 30. Rf1 Qb6 31. Rd2 Kg7 32. f4 exf4 33. gxf4
Kg8 34. Kh1 Re6 35. e5 dxe5 36. fxe5 Qb4 37. Qh6 Re8 38. Rdf2 Ne4 39. Rf7 1-0

[Event "Gibtelecom AmatWk2 8th"]
[Site "Gibraltar"]
[Date "2010.02.01"]
[Round "2.14"]
[White "Homer, Neil S"]
[Black "Cramling Bellon, Anna Yolanda"]
[Result "1-0"]
[WhiteElo "1704"]
[BlackElo "1000"]
[PlyCount "33"]
[EventDate "2010.01.31"]
[EventType "swiss"]
[EventRounds "5"]
[EventCountry "GGB"]
[SourceTitle "BritBase"]
[Source "www.saund.co.uk"]
[SourceDate "2018.02.10"]
[SourceVersion "1"]
[SourceVersionDate "2018.02.10"]
[SourceQuality "1"]

1. Nf3 Nc6 2. d4 d5 3. c4 dxc4 4. d5 Nb4 5. Qa4+ Bd7 6. Qxb4 b5 7. Qd2 Bf5 8.
e3 Bxb1 9. Rxb1 Nf6 10. e4 Nxe4 11. Qe3 Qxd5 12. Be2 e6 13. Qd4 Qf5 14. Qe5 Qg4
15. Qxb5+ Kd8 16. Ne5 Qxg2 17. Qd7# 1-0

[Event "Gibtelecom AmatWk2 8th"]
[Site "Gibraltar"]
[Date "2010.02.01"]
[Round "2.15"]
[White "Walshaw, David"]
[Black "Raffo Sanchez, Luis"]
[Result "0-1"]
[WhiteElo "1640"]
[BlackElo "1000"]
[PlyCount "70"]
[EventDate "2010.01.31"]
[EventType "swiss"]
[EventRounds "5"]
[EventCountry "GGB"]
[SourceTitle "BritBase"]
[Source "www.saund.co.uk"]
[SourceDate "2018.02.10"]
[SourceVersion "1"]
[SourceVersionDate "2018.02.10"]
[SourceQuality "1"]

1. e4 e5 2. Nc3 d6 3. f4 Nf6 4. Nf3 Bg4 5. h3 Bxf3 6. Qxf3 exf4 7. Qxf4 Nbd7 8.
d4 Nh5 9. Qf2 Be7 10. Rg1 O-O 11. Be3 Bg5 12. O-O-O a5 13. Be2 Bxe3+ 14. Qxe3
Nhf6 15. g4 Qe7 16. Qf3 c6 17. h4 b5 18. g5 Ne8 19. e5 d5 20. h5 a4 21. a3 b4
22. Nb1 Rb8 23. axb4 Qxb4 24. Qa3 Qb7 25. Nc3 Nc7 26. Nxa4 Ra8 27. Nc5 Nxc5 28.
Qxc5 Ne6 29. Qc3 Ra4 30. b3 Rb4 31. Qe3 Qb6 32. Rg4 Ra8 33. g6 h6 34. gxf7+ Kf8
35. Qf2 Ra3 {[%emt 0:00:57] legible scoresheet ends, the other totally
incomprehensible one continues to move} 0-1

[Event "Gibtelecom AmatWk2 8th"]
[Site "Gibraltar"]
[Date "2010.02.01"]
[Round "2.16"]
[White "Reci, Nadja"]
[Black "Ocana, Jeremy"]
[Result "1-0"]
[WhiteElo "1544"]
[BlackElo "1000"]
[PlyCount "73"]
[EventDate "2010.01.31"]
[EventType "swiss"]
[EventRounds "5"]
[EventCountry "GGB"]
[SourceTitle "BritBase"]
[Source "www.saund.co.uk"]
[SourceDate "2018.02.10"]
[SourceVersion "1"]
[SourceVersionDate "2018.02.10"]
[SourceQuality "1"]

1. d4 Nf6 2. Nf3 d5 3. g3 g6 4. Bg2 Bg7 5. O-O Bg4 6. Be3 Qc8 7. Nbd2 Nc6 8. c4
Bxf3 9. Bxf3 e6 10. c5 Nd7 11. Nb3 b6 12. Rc1 Rb8 13. a4 Na5 14. Nxa5 bxa5 15.
b3 c6 16. Qd3 e5 17. dxe5 Nxe5 18. Qd2 Nxf3+ 19. exf3 O-O 20. Qxa5 Rxb3 21. Rb1
Qb8 22. Bf4 Qb4 23. Qxb4 Rxb4 24. Rxb4 Bc3 25. Rb8 Rxb8 26. Bxb8 a6 27. Rb1 d4
28. Be5 Kf8 29. Rb6 Ke8 30. Rxc6 Kd7 31. Rd6+ Ke7 32. c6 d3 33. c7 Bxe5 34.
c8=Q Bxd6 35. Qxa6 d2 36. Qe2+ Kd7 37. Qxd2 1-0